Philippians: (Record no. 5902)

000 -LEADER
fixed length control field 00656nam a2200193 a 4500
001 - CONTROL NUMBER
control field :::00003645$&:&@@
003 - CONTROL NUMBER IDENTIFIER
control field OkBaRHE
005 - DATE AND TIME OF LATEST TRANSACTION
control field 20110503193859.0
008 - FIXED-LENGTH DATA ELEMENTS--GENERAL INFORMATION
fixed length control field s1971 j 000 0 eng u
040 ## - CATALOGING SOURCE
Transcribing agency
100 1# - MAIN ENTRY--PERSONAL NAME
Personal name Walvoord, John F.
245 10 - TITLE STATEMENT
Title Philippians:
Remainder of title triumph in Christ.
260 ## - PUBLICATION, DISTRIBUTION, ETC. (IMPRINT)
Place of publication, distribution, etc Chicago, IL., :
Name of publisher, distributor, etc Moody Press
Date of publication, distribution, etc 1971
300 ## - PHYSICAL DESCRIPTION
Extent 127 p. ;
Dimensions 19 cm.
490 0# - SERIES STATEMENT
Series statement Everyman's Bible commentary.
650 ## - SUBJECT ADDED ENTRY--TOPICAL TERM
Topical term or geographic name as entry element Bible New Testament Philippians
General subdivision Commentaries
942 ## - ADDED ENTRY ELEMENTS (KOHA)
Source of classification or shelving scheme
Koha item type Books
Copies
Lost status Koha item type Shelving location Copy number Withdrawn status Permanent Location Date checked out Date acquired Current Location Total Renewals Source of classification or shelving scheme Total Checkouts Full call number Barcode Date last seen Price effective from Not for loan Damaged status
 BooksGeneral Stacks1 RHEMA Bible Training College2011-03-292010-04-14RHEMA Bible Training College1 1BS 2705.3 .W2936452018-04-032010-04-14